000 01240cam a22002897a 4500
999 _c16969
_d16969
008 040203s1994 caua bf 001 0 eng d
010 _a 2004268363
020 _a1879097109
020 _a9781879097100
050 0 0 _aLB1032 .K25 1994
100 1 _aKagan, Spencer.
245 1 0 _aCooperative learning /
_cSpencer Kagan.
260 _aSan Clemente, CA :
_bKagan,
_cc1994.
300 _a1 v. (various pagings) :
_bill. ;
_c28 cm.
504 _aIncludes bibliographical references and index.
650 0 _aGroup work in education
_vHandbooks, manuals, etc.
650 0 _aTeam learning approach in education
_vHandbooks, manuals, etc.
650 0 _aCooperativeness in children.
942 _2lcc
_cBOOKS
_hLB1032 .K25 1994